000 00489nam a2200181Ia 4500
001 8376
005 20260306160604.0
008 260306t2014||||xx |||||||||||||| ||spa||
041 _aESP
082 _a370.7
_bÑ518
100 _aÑaupas Paitán, Humberto
_eAUT
245 0 _aMetodología de la investigación:
_bcuantitativa - cualitativa y redacción de la tesis
260 _c2014
300 _a536 páginas :
_c24 cm.
650 _aGEN
654 _aCED
942 _cLIB
_dJUS
_fJUS
_2ddc
_n
999 _c8376
_d8376